[Event "FB21 1920 Chemnitzer SC Aufbau 95 - USV"]
[Site "?"]
[Date "2019.09.15"]
[Round "2.2"]
[White "Kaden, Romy"]
[Black "Vavrinkova, Eliska"]
[Result "0-1"]
[WhiteElo "1862"]
[BlackElo "1873"]
[PlyCount "128"]
[EventDate "2019.??.??"]

1. e4 c6 2. d4 d5 3. Nc3 dxe4 4. Nxe4 Nf6 5. Nxf6+ gxf6 6. Nf3 Bg4 7. Be2 Qc7
8. Be3 Nd7 9. Qd2 e6 10. O-O-O O-O-O 11. Bf4 Bd6 12. Bxd6 Qxd6 13. h3 Bf5 14.
Nh4 Bg6 15. Nxg6 fxg6 16. Kb1 Nb6 17. f4 e5 18. fxe5 fxe5 19. Qa5 exd4 20. Qxa7
Kc7 21. Ba6 Rb8 22. Rhf1 Qd5 23. Rf3 c5 24. Rdf1 Nd7 25. Rf7 Rhe8 26. Bb5 Qxf7
27. Qa5+ b6 28. Rxf7 bxa5 29. Rxd7+ Kb6 30. a4 Re6 31. Rxh7 Rf8 32. Bd3 Rf2 33.
g4 Re1+ 34. Ka2 c4 35. Bxc4 Rxc2 36. Bd3 Rd2 37. Bxg6 Ree2 38. Rh8 Rxb2+ 39.
Ka3 Ra2+ 40. Kb3 Reb2+ 41. Kc4 Rxa4+ 42. Kd5 Rb5+ 43. Ke4 Rab4 44. Bf5 Ka7 45.
Rd8 a4 46. Rxd4 a3 47. Be6 Kb6 48. Rxb4 Rxb4+ 49. Kf5 Kc7 50. g5 Rb5+ 51. Kf4
Kd6 52. Bg8 Rb8 53. Ba2 Ke7 54. Kf5 Rb2 55. Bc4 Rb4 56. Ba2 Rh4 57. g6 Kf8 58.
Kf6 Rf4+ 59. Kg5 Rf2 60. Bc4 Kg7 61. Bd5 Rd2 62. Bf7 Rg2+ 63. Kh5 Rf2 64. Bc4
Rf6 0-1

[Event "FB21 1920 Chemnitzer SC Aufbau 95 - USV"]
[Site "?"]
[Date "2019.09.15"]
[Round "2.3"]
[White "von Keyserlingk, Chanda"]
[Black "Fischer, Franziska"]
[Result "1-0"]
[WhiteElo "1715"]
[BlackElo "1752"]
[PlyCount "103"]
[EventDate "2019.??.??"]

1. d4 d5 2. c4 e6 3. Nc3 Nf6 4. cxd5 exd5 5. Bg5 Be7 6. e3 Bf5 7. Qb3 Nbd7 8.
Nf3 Nb6 9. Nh4 Qd7 10. Bxf6 Bxf6 11. Nxf5 Qxf5 12. Nb5 O-O 13. Bd3 Qg4 14. O-O
c6 15. Nc3 h5 16. Ne2 h4 17. h3 Qh5 18. Qd1 g5 19. Nc3 Qh6 20. Qg4 Kh8 21. Rad1
Rad8 22. Bf5 Nc4 23. b3 Nd6 24. Bd3 Be7 25. Be2 f5 26. Qh5 Rf6 27. Qxh6+ Rxh6
28. Rc1 Rg8 29. f3 Rhg6 30. Na4 Nf7 31. Nc5 Bxc5 32. Rxc5 Nh6 33. Bd3 R6g7 34.
Rc2 Rf8 35. b4 Ng8 36. b5 Ne7 37. bxc6 Nxc6 38. a3 a6 39. Bxa6 Re8 40. Bxb7
Rxb7 41. Rxc6 Rxe3 42. Rd6 Re2 43. Rc1 Ra2 44. Rxd5 Rxa3 45. Rxf5 Rd3 46. Rd5
Kh7 47. Rd6 Kg7 48. d5 Kf7 49. Rcc6 Rd2 50. Rf6+ Ke8 51. Rce6+ Kd8 52. Rf8+ 1-0

[Event "FB21 1920 Chemnitzer SC Aufbau 95 - USV"]
[Site "?"]
[Date "2019.09.15"]
[Round "2.4"]
[White "Krentz, Susann"]
[Black "Hartmann, Anne"]
[Result "1/2-1/2"]
[WhiteElo "1731"]
[BlackElo "1780"]
[PlyCount "67"]
[EventDate "2019.??.??"]

1. c4 c5 2. Nc3 Nf6 3. Nf3 d5 4. cxd5 Nxd5 5. g3 Nc6 6. Bg2 Nc7 7. O-O e5 8. d3
Be7 9. Bd2 f6 10. Rc1 Bd7 11. Ne4 b6 12. Nc3 Rc8 13. Ne1 Nd4 14. Nc2 Nce6 15.
Nd5 Bc6 16. Nxe7 Qxe7 17. Nxd4 Bxg2 18. Kxg2 Nxd4 19. Kg1 O-O 20. e3 Ne6 21. a3
Rfd8 22. Qe2 Rc7 23. b4 Rcd7 24. Rc3 cxb4 25. axb4 Qxb4 26. Rc6 Qe7 27. Qg4 Nc5
28. Bb4 Qf7 29. Bxc5 bxc5 30. Rxc5 Rxd3 31. Qa4 Qd7 32. Qc4+ Kf8 33. Rc7 Qd5
34. Qxd5 1/2-1/2

[Event "FB21 1920 Chemnitzer SC Aufbau 95 - USV"]
[Site "?"]
[Date "2019.09.15"]
[Round "2.5"]
[White "Gottschall, Ina"]
[Black "Brewig, Becky"]
[Result "0-1"]
[WhiteElo "1656"]
[BlackElo "1373"]
[PlyCount "62"]
[EventDate "2019.??.??"]

1. d4 d5 2. c4 e6 3. Nc3 Nf6 4. Bg5 Be7 5. Nf3 Nbd7 6. cxd5 exd5 7. e3 O-O 8.
Be2 b6 9. O-O c5 10. dxc5 Nxc5 11. Rb1 Bb7 12. Nd4 Bd6 13. Nf5 Be5 14. f4 Bxc3
15. bxc3 Nce4 16. Qd4 Rc8 17. Rbc1 Qd7 18. Bg4 Kh8 19. Bh3 Rc4 20. Qd3 Ba6 21.
Qc2 Rxc3 22. Qb2 Qc7 23. Rxc3 Qxc3 24. Qxc3 Nxc3 25. Rf2 Nfe4 26. Rf3 Nxa2 27.
Bh4 Rc8 28. g4 Be2 29. Kg2 Rc2 30. Nd4 Bxf3+ 31. Kxf3 Rxh2 0-1

[Event "FB21 1920 SC Leipzig-Lindenau - SG 1871"]
[Site "?"]
[Date "2019.09.15"]
[Round "2.1"]
[White "Berzina, Ilze"]
[Black "Lorenz, Nicole"]
[Result "1-0"]
[WhiteElo "2217"]
[BlackElo "1930"]
[PlyCount "49"]
[EventDate "2019.??.??"]

1. e4 c5 2. Nf3 Nc6 3. Bb5 g6 4. O-O Bg7 5. Re1 d6 6. c3 e5 7. h3 Nge7 8. d4
Qb6 9. Na3 cxd4 10. cxd4 O-O 11. d5 Nd4 12. Nxd4 exd4 13. Ba4 Qa6 14. Bg5 f6
15. Bf4 g5 16. Bd2 b5 17. Bxb5 Qb6 18. Bd3 Ba6 19. Bxa6 Qxa6 20. Nc2 Qb6 21.
Bc1 f5 22. Bxg5 Ng6 23. h4 Ne5 24. exf5 Rxf5 25. Nxd4 1-0

[Event "FB21 1920 SC Leipzig-Lindenau - SG 1871"]
[Site "?"]
[Date "2019.09.15"]
[Round "2.2"]
[White "Spangenberg, Romy"]
[Black "Otikova, Elina"]
[Result "1-0"]
[WhiteElo "1865"]
[BlackElo "2072"]
[PlyCount "64"]
[EventDate "2019.??.??"]

1. e4 e5 2. Nf3 Nc6 3. d4 exd4 4. Nxd4 Nf6 5. Nxc6 bxc6 6. Bd3 d5 7. Qe2 Be7 8.
e5 Nd7 9. e6 Nf6 10. exf7+ Kxf7 11. O-O Rf8 12. Nd2 Bg4 13. Nf3 Kg8 14. h3 Bxf3
15. Qxf3 Bc5 16. Bg5 Qd6 17. Bxf6 Rxf6 18. Qh5 g6 19. Qg4 Raf8 20. Kh1 Rf4 21.
Qe2 Bxf2 22. Rad1 c5 23. b3 c6 24. Rd2 Qf6 25. Qd1 Qh4 26. Be2 Be3 27. Rxf4
Rxf4 28. Rd3 d4 29. Bf3 Qg3 30. Qe2 Rxf3 31. Qxf3 Qe1+ 32. Kh2 Bg1+ 1-0

[Event "FB21 1920 SC Leipzig-Lindenau - SG 1871"]
[Site "?"]
[Date "2019.09.15"]
[Round "2.3"]
[White "Naumann, Nadine"]
[Black "Spangenberg, Pia"]
[Result "1/2-1/2"]
[WhiteElo "1964"]
[BlackElo "1779"]
[PlyCount "82"]
[EventDate "2019.??.??"]

1. e4 d5 2. exd5 Nf6 3. d4 Nxd5 4. c3 Nc6 5. Bd3 e5 6. Ne2 exd4 7. cxd4 Bg4 8.
f3 Bd7 9. O-O Qe7 10. Be4 Nf6 11. Nbc3 Nxe4 12. fxe4 O-O-O 13. Qb3 f6 14. h3
Qb4 15. Qxb4 Bxb4 16. Bf4 Rhe8 17. d5 Ne5 18. Bxe5 Rxe5 19. a3 Bc5+ 20. Kh2 f5
21. exf5 Rxf5 22. g4 Rxf1 23. Rxf1 c6 24. Ne4 Rf8 25. Rxf8+ Bxf8 26. d6 c5 27.
Kg1 Bc6 28. N2c3 b6 29. Ng5 Bxd6 30. Nxh7 Be7 31. g5 Bd7 32. Nd5 Kd8 33. h4 Bf5
34. Nxe7 Kxe7 35. g6 Bxg6 36. Ng5 Kf6 37. Kf2 Bd3 38. Ke3 Bc2 39. Kf4 a5 40.
Nf3 a4 41. Ne5 Bf5 1/2-1/2

[Event "FB21 1920 SC Leipzig-Lindenau - SG 1871"]
[Site "?"]
[Date "2019.09.15"]
[Round "2.4"]
[White "Neumeyer, Hannelore"]
[Black "Schuster, Rebekka"]
[Result "0-1"]
[WhiteElo "1876"]
[BlackElo "1819"]
[PlyCount "68"]
[EventDate "2019.??.??"]

1. d4 e6 2. e4 d5 3. c4 dxe4 4. Nc3 Nf6 5. f3 exf3 6. Nxf3 Nc6 7. Bg5 Be7 8. d5
exd5 9. cxd5 Nb8 10. Qa4+ Nbd7 11. O-O-O O-O 12. Qh4 h6 13. Bxf6 Nxf6 14. Bd3
Ng4 15. Qe1 Re8 16. Qd2 Bc5 17. Kb1 Be3 18. Qc2 Nf2 19. Rhf1 Nxd1 20. Rxd1 Bd7
21. h3 Bf4 22. a3 Qf6 23. Ne4 Qb6 24. a4 Bd6 25. Rf1 Re7 26. Nh4 Rae8 27. Nf6+
gxf6 28. Rxf6 Re1+ 29. Ka2 Qd4 30. Bh7+ Kh8 31. Ng6+ Kg7 32. Nf4 Qxa4+ 33. Qxa4
Bxa4 34. Nh5+ Kxh7 0-1

[Event "FB21 1920 SG Leipzig - SV Merseburg"]
[Site "?"]
[Date "2019.09.15"]
[Round "2.1"]
[White "Hartung, Katja"]
[Black "Halas, Julia"]
[Result "0-1"]
[WhiteElo "1925"]
[BlackElo "2078"]
[PlyCount "32"]
[EventDate "2019.??.??"]

1. e4 e6 2. d4 d5 3. Nd2 Nf6 4. e5 Nfd7 5. Bd3 c5 6. c3 Nc6 7. Ne2 cxd4 8. cxd4
f6 9. Nf4 Nxd4 10. Qh5+ Ke7 11. Ng6+ hxg6 12. exf6+ Nxf6 13. Qxh8 Kf7 14. Qh4
e5 15. O-O Be7 16. Nb3 Nh5 0-1

[Event "FB21 1920 SG Leipzig - SV Merseburg"]
[Site "?"]
[Date "2019.09.15"]
[Round "2.3"]
[White "Pflug, Tanja"]
[Black "Petri, Birgit"]
[Result "1-0"]
[WhiteElo "2039"]
[BlackElo "1985"]
[PlyCount "119"]
[EventDate "2019.??.??"]

1. d4 d5 2. Bf4 Nf6 3. e3 Bf5 4. c3 Nbd7 5. Bd3 g6 6. Nf3 c6 7. Ne5 Bxd3 8.
Nxd3 Bg7 9. Nd2 Nh5 10. Qf3 Nxf4 11. Qxf4 Nf6 12. e4 dxe4 13. Nxe4 Nxe4 14.
Qxe4 Qd6 15. O-O O-O 16. Rae1 e6 17. Re3 Qd5 18. a3 Rac8 19. Qh4 Qd8 20. Qg3 b6
21. Rfe1 Qd5 22. Ne5 c5 23. dxc5 Rxc5 24. Rd3 Bxe5 25. Rxd5 Bxg3 26. Rxc5 Bxh2+
27. Kxh2 bxc5 28. Rd1 Rb8 29. b4 Rb7 30. Kg3 Kg7 31. Kf4 Kf6 32. Ke4 cxb4 33.
axb4 Rc7 34. Rd3 Rc4+ 35. Ke3 h5 36. Ke2 Rc7 37. Re3 e5 38. Kd3 Ke6 39. c4 f6
40. Kc3 Kd6 41. Rd3+ Kc6 42. b5+ Kb7 43. Rd6 Rf7 44. c5 g5 45. Kc4 h4 46. Kd5
g4 47. Ke6 Rh7 48. Rd7+ Rxd7 49. Kxd7 h3 50. c6+ Kb6 51. gxh3 gxh3 52. c7 h2
53. c8=Q h1=Q 54. Qc6+ Qxc6+ 55. bxc6 a5 56. c7 Kb5 57. c8=Q Kb4 58. Ke6 a4 59.
Kxf6 a3 60. Kxe5 1-0

[Event "FB21 1920 SG Leipzig - SV Merseburg"]
[Site "?"]
[Date "2019.09.15"]
[Round "2.5"]
[White "Kuemmel, Tina"]
[Black "Just, Gabriele"]
[Result "1/2-1/2"]
[WhiteElo "1434"]
[BlackElo "1873"]
[PlyCount "62"]
[EventDate "2019.??.??"]

1. Nf3 f5 2. g3 Nf6 3. Bg2 e6 4. d4 a5 5. c4 Bb4+ 6. Bd2 Qe7 7. O-O Bxd2 8.
Nbxd2 O-O 9. Qc2 d5 10. Ne5 c6 11. f3 Na6 12. a3 Bd7 13. e4 c5 14. cxd5 cxd4
15. Nxd7 Qxd7 16. dxe6 Qxe6 17. exf5 Qe3+ 18. Kh1 Rac8 19. Qb3+ Kh8 20. Rfd1
Nc5 21. Qxe3 dxe3 22. Ne4 Nb3 23. Rab1 Rfe8 24. Rd3 a4 25. Rxe3 Rc2 26. Rc3 Nd4
27. Rxc2 Nxc2 28. Rc1 Ne3 29. g4 h6 30. Nxf6 gxf6 31. Re1 Rd8 1/2-1/2

[Event "FB21 1920 SV Grün-Weiß Niederwiesa - "]
[Site "?"]
[Date "2019.12.14"]
[Round "3.1"]
[White "Lowke, Kathrin"]
[Black "Arnhold, Steffi"]
[Result "0-1"]
[WhiteElo "1845"]
[BlackElo "2018"]
[PlyCount "82"]
[EventDate "2019.??.??"]
[WhiteTeam "SC Leipzig-Lindenau"]
[BlackTeam "SV Grün-Weiß Niederwiesa II"]
[WhiteTeamCountry "GER"]
[BlackTeamCountry "GER"]

1. e4 c5 2. Nf3 e6 3. d4 cxd4 4. Nxd4 a6 5. Nc3 Qc7 6. Be2 Nf6 7. O-O d6 8. f4
Be7 9. Kh1 Nc6 10. Bf3 O-O 11. Be3 Re8 12. Qe1 Nxd4 13. Bxd4 e5 14. Be3 Be6 15.
Qg3 b5 16. a3 Bc4 17. Rf2 a5 18. fxe5 dxe5 19. Nd5 Bxd5 20. exd5 Qd6 21. Rd1
Rac8 22. Rfd2 Rc4 23. Qh3 Ne4 24. Re2 Ng5 25. Bxg5 Bxg5 26. Be4 g6 27. Rf1 f6
28. Qd3 Kg7 29. b3 Rc5 30. b4 axb4 31. axb4 Rc4 32. c3 f5 33. Bxf5 gxf5 34.
Qxf5 Qf6 35. Qb1 Rf4 36. Rd1 Rf8 37. Ree1 Qh6 38. Rxe5 Rh4 39. Rf5 Rxh2+ 40.
Kg1 Rh1+ 41. Kf2 Rxd1 {Weiß gab auf} 0-1

[Event "FB21 1920 SV Grün-Weiß Niederwiesa - "]
[Site "?"]
[Date "2019.12.14"]
[Round "3.2"]
[White "Arnhold, Kerstin"]
[Black "Weimert, Miriam"]
[Result "1-0"]
[WhiteElo "1988"]
[BlackElo "1845"]
[PlyCount "79"]
[EventDate "2019.??.??"]
[WhiteTeam "SV Grün-Weiß Niederwiesa"]
[BlackTeam "SC Leipzig-Lindenau"]

1. e4 c5 2. Nf3 d6 3. d4 cxd4 4. Nxd4 Nf6 5. Nc3 a6 6. Bc4 e6 7. a3 Be7 8. O-O
O-O 9. Be3 Nc6 10. Qe2 Ne5 11. Bb3 Qc7 12. h3 b5 13. f4 Nc6 14. Rad1 Nxd4 15.
Bxd4 e5 16. Be3 Bb7 17. Nd5 Nxd5 18. Bxd5 Bxd5 19. Rxd5 Rac8 20. c3 f5 21. fxe5
fxe4 22. Rfd1 Rcd8 23. e6 Bf6 24. Bf4 Qb6+ 25. Kh1 Be7 26. Qxe4 Rfe8 27. Qd3
Bf6 28. Rxd6 Rxd6 29. Qxd6 Qa7 30. Qd7 Qa8 31. Qf7+ Kh8 32. Rd7 Rf8 33. Qh5 Qe4
34. Qg4 Re8 35. Ra7 Qb1+ 36. Kh2 Qxb2 37. Qh5 Rg8 38. e7 Bxe7 39. Rxe7 Qxa3 40.
Qf7 {Schwarz gab auf} 1-0

[Event "FB21 1920 SV Grün-Weiß Niederwiesa - "]
[Site "?"]
[Date "2019.12.14"]
[Round "3.3"]
[White "Spangenberg, Romy"]
[Black "Peglau, Mirjam"]
[Result "1-0"]
[WhiteElo "1860"]
[BlackElo "1916"]
[PlyCount "105"]
[EventDate "2019.??.??"]
[WhiteTeam "SC Leipzig-Lindenau"]
[BlackTeam "SV Grün-Weiß Niederwiesa"]

1. e4 c6 2. d4 d5 3. e5 Bf5 4. Bd3 Bxd3 5. Qxd3 e6 6. f4 Nh6 7. Nf3 Nd7 8. Nbd2
Qb6 9. Nf1 c5 10. c3 cxd4 11. cxd4 Rc8 12. Ne3 Bb4+ 13. Bd2 Bxd2+ 14. Qxd2 Qb5
15. Kf2 Nb6 16. b3 O-O 17. Rhc1 a5 18. Rxc8 Rxc8 19. Rc1 Rc6 20. g4 a4 21. g5
Nf5 22. Nxf5 exf5 23. Rxc6 bxc6 24. Qc2 g6 25. Qe2 Kf8 26. Qxb5 cxb5 27. Ke2
Ke7 28. Kd3 Kd7 29. Kc3 axb3 30. axb3 Na8 31. Ne1 Nc7 32. Nd3 Kc6 33. Nc5 Kb6
34. Kb4 Ne8 35. Nd7+ Kc6 36. Nc5 Ng7 37. Ka5 Nh5 38. Nd3 Ng7 39. Nb4+ Kb7 40.
Kxb5 Ne6 41. Nxd5 Nxd4+ 42. Kc5 Nxb3+ 43. Kd6 Nd4 44. Ke7 Kc6 45. Nf6 Ne2 46.
Kxf7 Nxf4 47. e6 Nxe6 48. Kxe6 f4 49. Ng4 Kc5 50. Ke5 f3 51. Ke4 Kd6 52. Kxf3
Ke7 53. Nf6 {Schwarz gab auf} 1-0

[Event "FB21 1920 SV Grün-Weiß Niederwiesa - "]
[Site "?"]
[Date "2019.12.14"]
[Round "3.4"]
[White "Peglau, Charis"]
[Black "Herbrig, Marie-Helen"]
[Result "1-0"]
[WhiteElo "1728"]
[BlackElo "1875"]
[PlyCount "105"]
[EventDate "2019.??.??"]
[WhiteTeam "SV Grün-Weiß Niederwiesa"]
[BlackTeam "SC Leipzig-Lindenau"]

1. d4 Nf6 2. c4 e6 3. Nc3 Bb4 4. Nf3 b6 5. Bg5 Bb7 6. e3 h6 7. Bh4 O-O 8. Be2
d6 9. Qc2 Nbd7 10. O-O Bxc3 11. bxc3 c5 12. Qb3 Qc7 13. Rfd1 Rfe8 14. d5 Ba6
15. Qc2 Qb7 16. e4 Ng4 17. Bg3 Qc7 18. h3 Ngf6 19. Re1 exd5 20. exd5 Ne4 21.
Bh2 Nf8 22. Bd3 Nf6 23. Qa4 Bb7 24. Nh4 g6 25. Qc2 Kg7 26. Qd2 N8h7 27. Bf4 Ng8
28. Qc2 Nf8 29. Re2 Rxe2 30. Qxe2 Bc8 31. Bg3 Bd7 32. Qf3 Rd8 33. Re1 Bc8 34.
Re3 Qd7 35. Qe2 Qa4 36. Nf3 Ba6 37. Bh4 Rd7 38. Re8 Nh7 39. Nh2 Nhf6 40. Bxf6+
Nxf6 41. Rb8 Qa3 42. Qd2 Re7 43. Rd8 h5 44. f3 Ne8 45. Nf1 Qa5 46. Ng3 Nf6 47.
Rxd6 Qa4 48. Rxf6 Qe8 49. Nxh5+ Kg8 50. Rxg6+ fxg6 51. Nf6+ Kg7 52. Nxe8+ Rxe8
53. Qg5 {Schwarz gab auf} 1-0

[Event "FB21 1920 SV Grün-Weiß Niederwiesa - "]
[Site "?"]
[Date "2019.12.14"]
[Round "3.5"]
[White "Spangenberg, Pia"]
[Black "Kindt, Ulrike"]
[Result "1/2-1/2"]
[WhiteElo "1784"]
[BlackElo "1769"]
[PlyCount "42"]
[EventDate "2019.??.??"]
[WhiteTeam "SC Leipzig-Lindenau"]
[BlackTeam "SV Grün-Weiß Niederwiesa"]

1. e4 e6 2. d4 d5 3. Nc3 dxe4 4. Nxe4 Nf6 5. Bg5 Be7 6. Bd3 Nxe4 7. Bxe7 Qxe7
8. Bxe4 Qb4+ 9. c3 Qxb2 10. Ne2 c6 11. O-O Nd7 12. Qd3 Nf6 13. Bf3 Qa3 14. Rfb1
Qd6 15. Ng3 O-O 16. Ne4 Nxe4 17. Bxe4 f5 18. Bf3 Kh8 19. Re1 Bd7 20. Re5 Rf6
21. Rae1 Rg8 {(=)} 1/2-1/2

[Event "FB21 1920 SV Grün-Weiß Niederwiesa - "]
[Site "?"]
[Date "2019.12.14"]
[Round "3.6"]
[White "Schiffer, Sabine"]
[Black "Kalkhof, Sandra"]
[Result "1/2-1/2"]
[WhiteElo "1680"]
[BlackElo "1878"]
[PlyCount "90"]
[EventDate "2019.??.??"]
[WhiteTeam "SV Grün-Weiß Niederwiesa"]
[BlackTeam "SC Leipzig-Lindenau"]

1. d4 Nf6 2. c4 e5 3. dxe5 Ng4 4. Qd4 h5 5. Nf3 Nc6 6. Qf4 Bb4+ 7. Bd2 Bxd2+ 8.
Qxd2 Ngxe5 9. Nxe5 Nxe5 10. e3 d6 11. f4 Ng4 12. Nc3 O-O 13. O-O-O Bd7 14. Re1
Bc6 15. Nd5 Re8 16. Bd3 Nf6 17. e4 a6 18. Qc3 Bxd5 19. cxd5 Ng4 20. Re2 Qf6 21.
Qxf6 Nxf6 22. h3 Re7 23. Rhe1 h4 24. Kd2 Rae8 25. Re3 g6 26. Bc2 Nh5 27. Rf3
Ng3 28. Rfe3 Kg7 29. e5 dxe5 30. fxe5 Rd8 31. Rd3 g5 32. Kc3 Nh5 33. Bb3 Nf4
34. Rd2 Red7 35. Red1 Ng6 36. Re2 Re7 37. Rde1 Kf8 38. Kc4 Rde8 39. Kd4 Nf4 40.
Rd2 Ng6 41. Rde2 Rd8 42. Kc5 Nf4 43. Rd2 f6 44. Kd4 fxe5+ 45. Rxe5 Rxe5 {(=)}
1/2-1/2

[Event "FB21 1920 Chemnitzer SC Aufbau 95 - SG"]
[Site "?"]
[Date "2019.12.14"]
[Round "3.1"]
[White "Halas, Julia"]
[Black "Czaeczine, Anne"]
[Result "0-1"]
[WhiteElo "2087"]
[BlackElo "2200"]
[PlyCount "114"]
[EventDate "2019.??.??"]
[WhiteTeam "SG Leipzig"]
[BlackTeam "Chemnitzer SC Aufbau 95"]

1. d4 Nf6 2. c4 c5 3. d5 b5 4. cxb5 a6 5. bxa6 Bxa6 6. Nc3 g6 7. e4 Bxf1 8.
Kxf1 d6 9. g3 Bg7 10. Nf3 O-O 11. Kg2 Nbd7 12. a4 Ra6 13. Re1 Qa8 14. Nb5 Rc8
15. Ra3 c4 16. Nfd4 Ne5 17. f3 Nfd7 18. b4 cxb3 19. Qxb3 Nc5 20. Qd1 Rxa4 21.
f4 Rxa3 22. Bxa3 Ned3 23. Nc6 Nxe1+ 24. Qxe1 Rxc6 25. dxc6 Qxc6 26. Bxc5 Qxc5
27. Qe2 h5 28. Qd3 Bb2 29. Qb3 Qc1 30. Qd3 Qc5 31. Qb3 Bf6 32. Qd3 h4 33. Na3
Qh5 34. Nc2 h3+ 35. Kf2 Qc5+ 36. Kf1 Qb6 37. Ne1 Qb2 38. Qe2 Qa1 39. Qc4 Bc3
40. Qe2 Bd4 41. Qc2 Bc3 42. Qe2 Qxe1+ 43. Qxe1 Bxe1 44. Kxe1 f5 45. exf5 gxf5
46. Kf2 Kf7 47. g4 d5 48. g5 Kg6 49. Ke2 e5 50. fxe5 Kxg5 51. Ke3 f4+ 52. Kf3
Kf5 53. e6 Kxe6 54. Kxf4 Kd6 55. Kg3 d4 56. Kf3 Kd5 57. Ke2 Ke4 {Weiß gab auf}
0-1

[Event "FB21 1920 Chemnitzer SC Aufbau 95 - SG"]
[Site "?"]
[Date "2019.12.14"]
[Round "3.2"]
[White "Brand, Kathrin"]
[Black "Beltz, Franziska"]
[Result "0-1"]
[WhiteElo "1828"]
[BlackElo "2066"]
[PlyCount "46"]
[EventDate "2019.??.??"]
[WhiteTeam "Chemnitzer SC Aufbau 95"]
[BlackTeam "SG Leipzig"]

1. b3 e5 2. Bb2 Nc6 3. e3 Nf6 4. Nf3 e4 5. Nd4 Nxd4 6. exd4 d5 7. d3 Bd6 8. Be2
Qe7 9. O-O Bf5 10. dxe4 dxe4 11. c4 c6 12. Nd2 Qc7 13. h3 Qd7 14. g4 Bg6 15.
Kg2 h5 16. d5 hxg4 17. Bxg4 Nxg4 18. hxg4 Rh2+ 19. Kg1 Rh4 20. Nxe4 Bxe4 21. f3
O-O-O 22. Bxg7 Bxf3 23. Rxf3 Qxg4+ {Weiß gab auf} 0-1

[Event "FB21 1920 Chemnitzer SC Aufbau 95 - SG"]
[Site "?"]
[Date "2019.12.14"]
[Round "3.3"]
[White "Beltz, Martina"]
[Black "Nitzsche, Pia"]
[Result "1-0"]
[WhiteElo "1945"]
[BlackElo "1673"]
[PlyCount "89"]
[EventDate "2019.??.??"]
[WhiteTeam "SG Leipzig"]
[BlackTeam "Chemnitzer SC Aufbau 95"]

1. d4 Nf6 2. Nf3 g6 3. b3 Bg7 4. Bb2 O-O 5. Nbd2 d5 6. e3 Nbd7 7. Bd3 c5 8. O-O
b6 9. c4 Bb7 10. Rc1 Rc8 11. Qe2 Re8 12. Rfd1 Rc7 13. cxd5 Nxd5 14. Nc4 Qa8 15.
Nfe5 Nxe5 16. Nxe5 cxd4 17. Bxd4 Rcc8 18. f3 Nf6 19. Qb2 Red8 20. Bc4 Bd5 21.
Ba6 Bb7 22. Bc4 Bd5 23. Ba6 Bb7 24. Bb5 Rd6 25. Nc4 Rd5 26. a4 Qb8 27. e4 Rdd8
28. Be5 Qa8 29. a5 bxa5 30. Nxa5 a6 31. Bc4 Bc6 32. Rxd8+ Rxd8 33. Nxc6 Rd7 34.
Qa3 Qe8 35. Qxa6 Bh6 36. Re1 Bd2 37. Re2 Bg5 38. Bd4 Rd6 39. Bb5 Qf8 40. e5 Rd5
41. exf6 exf6 42. Ne7+ Kg7 43. Nxd5 Qd8 44. Qc6 Qa5 45. Nxf6 {Schwarz gab auf}
1-0

[Event "FB21 1920 Chemnitzer SC Aufbau 95 - SG"]
[Site "?"]
[Date "2019.12.14"]
[Round "3.4"]
[White "Fischer, Franziska"]
[Black "Gempe, Anet"]
[Result "1/2-1/2"]
[WhiteElo "1748"]
[BlackElo "1992"]
[PlyCount "65"]
[EventDate "2019.??.??"]
[WhiteTeam "Chemnitzer SC Aufbau 95"]
[BlackTeam "SG Leipzig"]

1. d4 e6 2. e3 Nf6 3. Bd3 Be7 4. f4 d5 5. Nf3 O-O 6. O-O b6 7. Nbd2 Bb7 8. Ne5
c5 9. c3 Nbd7 10. Rf3 Ne4 11. Rh3 h6 12. Nxd7 Qxd7 13. Qf3 f5 14. Qh5 Qe8 15.
Be2 Nxd2 16. Bxd2 Qxh5 17. Bxh5 Bc6 18. Kf2 Be8 19. Be2 Bd7 20. Rg1 Bf6 21. g4
fxg4 22. Bxg4 Kf7 23. Ke1 Ke7 24. Rf1 Kd6 25. Kd1 Bb5 26. Rff3 Bd3 27. Be1 Be4
28. Rf2 Rae8 29. Rd2 Bf5 30. Rg2 Be4 31. Rd2 Bf5 32. Rg2 Be5 33. Rd2 {(=)}
1/2-1/2

[Event "FB21 1920 Chemnitzer SC Aufbau 95 - SG"]
[Site "?"]
[Date "2019.12.14"]
[Round "3.5"]
[White "Just, Gabriele"]
[Black "Schubert, Arlene"]
[Result "1-0"]
[WhiteElo "1869"]
[BlackElo "1572"]
[PlyCount "117"]
[EventDate "2019.??.??"]
[WhiteTeam "SG Leipzig"]
[BlackTeam "Chemnitzer SC Aufbau 95"]

1. d4 d5 2. Nf3 Nf6 3. Bg5 e6 4. Nbd2 Be7 5. e3 Nbd7 6. Bd3 c5 7. c3 b6 8. O-O
Bb7 9. Bxf6 Nxf6 10. Ne5 O-O 11. Qf3 h6 12. a4 Qc7 13. Qg3 Bd6 14. Ndf3 Ne4 15.
Qh3 Bc8 16. Qh5 Re8 17. Ng4 Bf8 18. Nfe5 Rd8 19. f3 Nd6 20. Ng6 Nf5 21. Nxf8
Rxf8 22. Rae1 Qe7 23. Bxf5 exf5 24. Ne5 Re8 25. b4 cxb4 26. cxb4 f6 27. Nc6 Qe6
28. b5 Bd7 29. Nb4 Qd6 30. Nc2 a6 31. Rb1 axb5 32. axb5 Ra5 33. Rf2 Rxb5 34.
Rxb5 Bxb5 35. Qxf5 Ba4 36. Re2 Bb3 37. h4 Bc4 38. Re1 b5 39. Rb1 Re6 40. Kf2
Qe7 41. Ra1 Qe8 42. h5 b4 43. Nxb4 Rxe3 44. Nxd5 Re2+ 45. Kg3 Bxd5 46. Qxd5+
Kh7 47. Ra8 Rxg2+ 48. Kxg2 Qe2+ 49. Kg3 Qe1+ 50. Kg4 Qg1+ 51. Kf5 Qg5+ 52. Ke6
Qe3+ 53. Qe4+ Qxe4+ 54. fxe4 f5 55. Kxf5 g5 56. hxg6+ Kg7 57. Ra7+ Kg8 58. Kf6
h5 59. Ra8# 1-0

[Event "FB21 1920 Chemnitzer SC Aufbau 95 - SG"]
[Site "?"]
[Date "2019.12.14"]
[Round "3.6"]
[White "Brewig, Becky"]
[Black "Oswald, Hannah"]
[Result "1/2-1/2"]
[WhiteElo "1403"]
[BlackElo "1647"]
[PlyCount "78"]
[EventDate "2019.??.??"]
[WhiteTeam "Chemnitzer SC Aufbau 95"]
[BlackTeam "SG Leipzig"]

1. e4 e5 2. Nf3 Nc6 3. Bc4 Bc5 4. c3 Nf6 5. d4 exd4 6. cxd4 Bb4+ 7. Bd2 Nxe4 8.
Bxb4 Nxb4 9. Bxf7+ Kxf7 10. Qb3+ d5 11. Ne5+ Ke6 12. Qxb4 c5 13. Qa4 Qf6 14.
Nf3 Rf8 15. O-O Kf7 16. Nc3 Nxc3 17. bxc3 cxd4 18. cxd4 Kg8 19. Qc2 Be6 20.
Rfe1 Rac8 21. Qd2 Bf5 22. Rac1 Be6 23. Ng5 Bd7 24. Rc5 Rxc5 25. dxc5 d4 26. Ne4
Qf4 27. Qxd4 Bc6 28. Qe3 Bxe4 29. Qxf4 Rxf4 30. g3 Rg4 31. h3 Rg5 32. Rxe4 Rxc5
33. Re7 Rb5 34. Kg2 a5 35. Re8+ Kf7 36. Ra8 b6 37. g4 Rb4 38. Ra6 Kf6 39. Kg3
h6 {(=)} 1/2-1/2

[Event "FB21 1920 USV TU Dresden - SV Merseburg"]
[Site "?"]
[Date "2019.12.14"]
[Round "3.3"]
[White "Pflug, Tanja"]
[Black "Wong, Kar Yan"]
[Result "1-0"]
[WhiteElo "2042"]
[BlackElo "1738"]
[PlyCount "95"]
[EventDate "2019.??.??"]

1. d4 e6 2. Bf4 c5 3. e3 Nc6 4. c3 Nf6 5. Nd2 cxd4 6. exd4 d5 7. Ngf3 Bd6 8.
Ne5 Bxe5 9. dxe5 Nd7 10. Qg4 Kf8 11. Nf3 h5 12. Qg3 Qb6 13. O-O-O Nc5 14. Be3
Qa5 15. Bxc5+ Qxc5 16. Nd4 Nxd4 17. Rxd4 Bd7 18. Kb1 a5 19. Be2 b5 20. Rf4 Qe7
21. Rh4 g6 22. Rf4 g5 23. Rf6 g4 24. h3 b4 25. hxg4 bxc3 26. Qxc3 h4 27. g5 Kg7
28. Qd4 Qb4 29. Qxb4 axb4 30. Rf4 Kg6 31. Rfxh4 Rxh4 32. Rxh4 b3 33. f4 bxa2+
34. Ka1 Kg7 35. Rh3 Ra4 36. Rf3 Bc6 37. g3 d4 38. Ra3 Rxa3 39. bxa3 Bd5 40. Bd3
Kf8 41. a4 Ke7 42. a5 Kd7 43. a6 Kc7 44. g4 Kb6 45. f5 Ka7 46. f6 Bf3 47. g6
fxg6 48. f7 1-0

[Event "FB21 1920 USV TU Dresden - SV Merseburg"]
[Site "?"]
[Date "2019.12.14"]
[Round "3.4"]
[White "von Keyserlingk, Chanda"]
[Black "Moritz, Cornelia"]
[Result "1-0"]
[WhiteElo "1723"]
[BlackElo "1809"]
[PlyCount "85"]
[EventDate "2019.??.??"]

1. d4 f5 2. c4 Nf6 3. g3 e6 4. Bg2 Be7 5. Nf3 d6 6. Nc3 O-O 7. O-O Qe8 8. e3
Nbd7 9. Nb5 Bd8 10. b3 Ne4 11. Bb2 Ndf6 12. Nc3 Nxc3 13. Bxc3 Ne4 14. Bb2 Bf6
15. Nd2 Nxd2 16. Qxd2 a5 17. a4 c6 18. Ba3 Be7 19. Rfb1 Rf6 20. Bb2 Rh6 21. Qe2
g5 22. Bc1 Qg6 23. f4 g4 24. Ra2 Qh5 25. Bh1 Bd7 26. e4 Kf7 27. Ba3 fxe4 28.
Bxe4 d5 29. cxd5 cxd5 30. Bxe7 Kxe7 31. Bd3 Rf8 32. Qc2 Rc8 33. Qd2 Ra8 34. Rc1
Bc6 35. Qc3 Qe8 36. Re2 Qd7 37. f5 Kf8 38. Qd2 Rf6 39. Qg5 Qg7 40. Qxg7+ Kxg7
41. Rxe6 Rxe6 42. fxe6 Re8 43. Re1 1-0